PENSAMIENTO DE SISTEMAS, PRACTICA DE SISTEMAS (Registro nro. 9326)
[ vista simple ]
| 000 -LEADER | |
|---|---|
| fixed length control field | 00495nam a2200181 a 4500 |
| 001 - CONTROL NUMBER | |
| control field | 9326 |
| 005 - DATE AND TIME OF LATEST TRANSACTION | |
| control field | 20180713193319.0 |
| 008 - FIXED-LENGTH DATA ELEMENTS--GENERAL INFORMATION | |
| fixed length control field | 140415s1993 mx 000 0 spa d |
| 041 ## - LANGUAGE CODE | |
| Language code of text/sound track or separate title | spa |
| 082 ## - DEWEY DECIMAL CLASSIFICATION NUMBER | |
| Classification number | 003 |
| Item number | CHE |
| 100 1# - MAIN ENTRY--PERSONAL NAME | |
| Personal name | CHECKLAND, PETER |
| 245 10 - TITLE STATEMENT | |
| Title | PENSAMIENTO DE SISTEMAS, PRACTICA DE SISTEMAS |
| 250 ## - EDITION STATEMENT | |
| Edition statement | 1a ed. |
| 260 ## - PUBLICATION, DISTRIBUTION, ETC. | |
| Place of publication, distribution, etc. | MEXICO : |
| Name of publisher, distributor, etc. | LIMUSA, |
| Date of publication, distribution, etc. | 1993 |
| 300 ## - PHYSICAL DESCRIPTION | |
| Extent | 367 |
| 490 ## - SERIES STATEMENT | |
| Series statement | MEGABYTE |
| 650 14 - SUBJECT ADDED ENTRY--TOPICAL TERM | |
| Topical term or geographic name entry element | SISTEMAS DE ALMACENAMIENTO Y RECUPERACION DE INFORMACION |
| Withdrawn status | Lost status | Source of classification or shelving scheme | Damaged status | Not for loan | Collection code | Home library | Current library | Shelving location | Date acquired | Source of acquisition | Inventory number | Total Checkouts | Full call number | Barcode | Date last seen | Price effective from | Koha item type |
|---|---|---|---|---|---|---|---|---|---|---|---|---|---|---|---|---|---|
| Dewey Decimal Classification | General | Biblioteca Karol Wojtyla | Biblioteca Karol Wojtyla | Sala general | 03/12/2013 | Compra | 151000000000000000065266 | '003 CHE | 23538 | 05/01/2026 | 03/12/2013 | Libro | |||||
| Dewey Decimal Classification | General | Biblioteca Karol Wojtyla | Biblioteca Karol Wojtyla | Sala general | 03/12/2013 | Compra | 151000000000000000065274 | '003 CHE | 23537 | 05/01/2026 | 03/12/2013 | Libro | |||||
| Dewey Decimal Classification | General | Biblioteca Karol Wojtyla | Biblioteca Karol Wojtyla | Sala general | 03/12/2013 | Compra | 151000000000000000065267 | '003 CHE | 24863 | 05/01/2026 | 03/12/2013 | Libro |